[Event "Halver-ch"]
[Site "Halver"]
[Date "2003.10.10"]
[Round "?"]
[White "Mirus, Lothar"]
[Black "Siepe, Hans Joachim"]
[Result "0-1"]
[WhiteElo "1427"]
[BlackElo "1490"]
[PlyCount "76"]
[EventDate "2003.09.14"]
[EventType "swiss"]
[EventRounds "9"]
[EventCountry "GER"]
[SourceTitle "EXT 2007"]
[Source "ChessBase"]
[SourceDate "2006.11.23"]
[SourceVersion "1"]
[SourceVersionDate "2006.11.23"]
[SourceQuality "1"]

1. e4 e6 2. d4 d5 3. Nd2 c5 4. c3 cxd4 5. cxd4 Qa5 6. e5 Nc6 7. Ngf3 Nh6 8. a3 Nf5 9. b4 Bxb4 10. Bb2 Bc3 11. Bxc3 Qxc3 12. Rc1 Qxa3 13. Bb5 Bd7 14. Bxc6 Bxc6 15. 0-0 0-0 16. Qc2 Bd7 17. Qb1 Bc6 18. h4 Qa4 19. Nb3 Qb4 20. Rfd1 Ba4 21. g4 Qxb3 22. Qxb3 Bxb3 23. Rd3 Bc4 24. Rdc3 Ne7 25. Nd2 b5 26. Kg2 Nc6 27. Nf3 a5 28. Rd1 Be2 29. Rb1 Bxf3+ 30. Kxf3 Nxd4+ 31. Ke3 b4 32. Rc5 Rfc8 33. Kxd4 Rxc5 34. Kxc5 Rb8 35. Kd4 a4 36. f4 a3 37. Kd3 a2 38. Ra1 b3 0-1

[Event "Halver Cup"]
[Site "Halver"]
[Date "2003.06.06"]
[Round "?"]
[White "Mirus, Lothar"]
[Black "Raatz, Gerhard"]
[Result "1-0"]
[WhiteElo "1420"]
[BlackElo "1380"]
[PlyCount "67"]
[EventDate "2003.06.06"]
[EventType "swiss"]
[EventRounds "5"]
[EventCountry "GER"]
[SourceTitle "EXT 2007"]
[Source "ChessBase"]
[SourceDate "2006.11.23"]
[SourceVersion "1"]
[SourceVersionDate "2006.11.23"]
[SourceQuality "1"]

1. d4 Nf6 2. c4 d5 3. Nc3 Nc6 4. Nf3 e6 5. a3 dxc4 6. e4 Be7 7. Bxc4 0-0 8. 0-0 b6 9. b4 Bb7 10. Re1 a6 11. Bg5 h6 12. Bh4 Ne8 13. Bxe7 Qxe7 14. Qc2 Nd6 15. Ba2 Nb5 16. Nxb5 axb5 17. d5 Na7 18. Rad1 Rfd8 19. Qd3 e5 20. g3 Rd6 21. Qc3 f6 22. Nh4 Qf7 23. Rd2 Rad8 24. Nf5 R6d7 25. d6 Qxa2 26. Rxa2 cxd6 27. Rd2 d5 28. Qb3 Kf8 29. exd5 Bxd5 30. Qe3 Nc8 31. f4 Be6 32. Rxd7 Rxd7 33. Nh4 Bc4 34. fxe5 1-0

[Event "Halver-ch"]
[Site "Halver"]
[Date "2002.10.04"]
[Round "3"]
[White "Mirus, Lothar"]
[Black "Ertelt, Pornchai"]
[Result "1/2-1/2"]
[WhiteElo "1395"]
[BlackElo "1319"]
[PlyCount "164"]
[EventDate "2002.09.13"]
[EventType "tourn"]
[EventRounds "9"]
[EventCountry "GER"]
[SourceTitle "EXT 2007"]
[Source "ChessBase"]
[SourceDate "2006.11.23"]
[SourceVersion "1"]
[SourceVersionDate "2006.11.23"]
[SourceQuality "1"]

1. e4 c5 2. Nf3 d6 3. d4 cxd4 4. Nxd4 Nc6 5. Nc3 Nf6 6. Bg5 Nxd4 7. Bxf6 exf6 8. Qxd4 Be7 9. Bc4 0-0 10. Bd5 a6 11. 0-0 Rb8 12. h3 f5 13. Ne2 Bf6 14. Qb4 Qc7 15. c3 Re8 16. Ng3 fxe4 17. Nxe4 Be7 18. Rfe1 Bd7 19. Rad1 Rbd8 20. Qb3 Rf8 21. Qxb7 Qa5 22. b4 Qa3 23. Qc7 h6 24. Nxd6 Bxd6 25. Qxd6 Be6 26. Qc5 Rc8 27. Qb6 Bxd5 28. Rxd5 Qxc3 29. Red1 Qc4 30. a3 Rfe8 31. Rc5 Qb3 32. Rdc1 Rxc5 33. Qxc5 Qxa3 34. Rc3 Qa1+ 35. Kh2 Qe1 36. Rf3 Re6 37. Qc8+ Re8 38. Qc4 Re7 39. Rf4 Qe5 40. g3 g5 41. Rf3 Qd6 42. Rd3 Qb6 43. Qc8+ Kg7 44. Qc5 Qxc5 45. bxc5 Rc7 46. Ra3 Rc6 47. Kg2 Kf6 48. f4 gxf4 49. gxf4 Ke6 50. Ra5 Kd5 51. Kf3 f5 52. Ke3 Kc4 53. Ra1 Kxc5 54. Ra5+ Kb4 55. Rxf5 Rc3+ 56. Ke4 Rxh3 57. Rf8 Rh4 58. Rb8+ Kc5 59. Ke5 a5 60. f5 Rh5 61. Ke6 Kd4 62. Rd8+ Ke4 63. f6 Re5+ 64. Kd7 Rd5+ 65. Ke7 Re5+ 66. Kd7 Rd5+ 67. Ke8 Re5+ 68. Kf8 Kf5 69. Kg7 Re6 70. Rd5+ Kg4 71. Rxa5 h5 72. f7 Re7 73. Kf8 Rxf7+ 74. Kxf7 h4 75. Kg6 h3 76. Rg5+ Kf3 77. Rf5+ Kg2 78. Rh5 h2 79. Rg5+ Kf3 80. Rh5 Kg2 81. Kg5 h1Q 82. Rxh1 Kxh1 1/2-1/2

[Event "Halver qual-B"]
[Site "Halver"]
[Date "2002.02.08"]
[Round "4"]
[White "Schaefer, Arnold"]
[Black "Mirus, Lothar"]
[Result "1-0"]
[WhiteElo "1406"]
[BlackElo "1335"]
[PlyCount "157"]
[EventDate "2002.01.18"]
[EventType "tourn"]
[EventRounds "9"]
[EventCountry "GER"]
[SourceTitle "EXT 2007"]
[Source "ChessBase"]
[SourceDate "2006.11.23"]
[SourceVersion "1"]
[SourceVersionDate "2006.11.23"]
[SourceQuality "1"]

1. d4 Nf6 2. g3 d5 3. Bg2 e6 4. e3 c5 5. c3 Nc6 6. Ne2 e5 7. 0-0 cxd4 8. cxd4 e4 9. Bd2 Be7 10. a3 a6 11. Nbc3 Bg4 12. f3 exf3 13. Bxf3 0-0 14. Nf4 Be6 15. Rf2 Qd7 16. b4 Rad8 17. Nd3 Ng4 18. Rg2 Qc8 19. Rc1 Nf6 20. Qe2 Rfe8 21. Nf4 Bh3 22. Rf2 Ne4 23. Nxh3 Qxh3 24. Bg2 Qe6 25. Nxe4 dxe4 26. Qh5 Rd5 27. Qh3 f5 28. Rf4 Rf8 29. Rxe4 Qf6 30. Rf4 Rdd8 31. Rcf1 Qg6 32. Bxc6 bxc6 33. Rxf5 Rxf5 34. Rxf5 Bf6 35. Kg2 Qf7 36. Rf2 Qb3 37. Qg4 Rf8 38. Qd7 Qc4 39. h4 Rf7 40. Qg4 Qd5+ 41. Qf3 Qc4 42. Qe2 Qd5+ 43. Kh2 Ra7 44. Qd3 Qd6 45. Kg2 Qd5+ 46. Kg1 h6 47. Rf5 Qd6 48. Be1 Re7 49. Bf2 Qe6 50. d5 cxd5 51. Qxd5 Qxd5 52. Rxd5 Bb2 53. Rd3 Kf7 54. Kg2 Be5 55. Kf3 Re6 56. Rd5 Bb2 57. Ra5 Bc3 58. g4 Ke7 59. e4 Bd2 60. Bd4 Kf7 61. e5 g5 62. h5 Ke7 63. Ke4 Kd7 64. Kd5 Bc1 65. b5 Re8 66. Rxa6 Rb8 67. a4 Bf4 68. Rxh6 Kc7 69. Rh7+ Kc8 70. Rh8+ Kb7 71. Rxb8+ Kxb8 72. Kc6 Kc8 73. h6 Kd8 74. h7 Bxe5 75. Bxe5 Ke7 76. h8Q Kf7 77. Qf6+ Ke8 78. Qd6 Kf7 79. Qd7+ 1-0

[Event "Halver qual-B"]
[Site "Halver"]
[Date "2002.01.25"]
[Round "2"]
[White "Babczyk, Adrian"]
[Black "Mirus, Lothar"]
[Result "1-0"]
[WhiteElo "1635"]
[BlackElo "1335"]
[PlyCount "50"]
[EventDate "2002.01.18"]
[EventType "tourn"]
[EventRounds "9"]
[EventCountry "GER"]
[SourceTitle "EXT 2007"]
[Source "ChessBase"]
[SourceDate "2006.11.23"]
[SourceVersion "1"]
[SourceVersionDate "2006.11.23"]
[SourceQuality "1"]

1. e4 c6 2. d4 d5 3. exd5 cxd5 4. c4 dxc4 5. Bxc4 e6 6. Nf3 Bb4+ 7. Nc3 Ne7 8. 0-0 0-0 9. Bf4 Nbc6 10. a3 Bd6 11. Bxd6 Qxd6 12. d5 exd5 13. Nxd5 Nxd5 14. Bxd5 Be6 15. Bxe6 Qxe6 16. Re1 Qf6 17. Qb3 b6 18. Rac1 Rfe8 19. Rxe8+ Rxe8 20. Qb5 Rc8 21. Ne5 Qf5 22. g4 Nd4 23. Rxc8+ Qxc8 24. Qd5 Ne6 25. Nc6 h6 1-0